Tripping over you. #1 / Suzana Harcum & Owena ... Read More
Record details
- ISBN: 9781250330727
- ISBN: 1250330726
- ISBN: 9781250330710
- ISBN: 1250330718
- Physical Description: 235 pages : color illustrations ; 24 cm
- Edition: First edition.
- Publisher: New York : First Second, imprint of Roaring Brook Press, 2025.
- Copyright: ©2025
Content descriptions
| Summary, etc.: | The infamous theater kid Milo and wallflower Liam ... Read More |
| Target Audience Note: | Ages 14-18. |
Search for related items by subject
| Genre: | Graphic novels. Young adult fiction. Queer comics. Romance comics. School comics. Graphic novels. Gay comics. Comics (Graphic works) Graphic books. YAF010070. YAF010140. YAF010170. YAF058150. |
Search for related items by series
| LDR | 03947cam a2200901 i 4500 | ||
|---|---|---|---|
| 001 | 466421 | ||
| 003 | LARL_NWRL_CONSORTIUM | ||
| 005 | 20251211161608.0 | ||
| 008 | 250226t20252025nyua d 6 000 1 eng d | ||
| 010 | . | ‡a 2024940837 | |
| 040 | . | ‡aCNWPU ‡beng ‡erda ‡cCNWPU ‡dWIM ‡dOCLCO ‡dIG# ‡dBDX ‡dYDX ‡dUKMGB ‡dHRF ‡dSDD ‡dJQW ‡dOCLCO ‡dMDB ‡dTOH ‡dNYP ‡dVP@ ‡dUAH ‡dSOM ‡dEHH | |
| 015 | . | ‡aGBC587208 ‡2bnb | |
| 016 | 7 | . | ‡a300595445 ‡2Uk |
| 019 | . | ‡a1483864908 ‡a1531386783 | |
| 020 | . | ‡a9781250330727 ‡q(paperback) | |
| 020 | . | ‡a1250330726 ‡q(paperback) | |
| 020 | . | ‡a9781250330710 ‡q(library binding) | |
| 020 | . | ‡a1250330718 ‡q(library binding) | |
| 035 | . | ‡a(OCoLC)1513219816 ‡z(OCoLC)1483864908 ‡z(OCoLC)1531386783 | |
| 043 | . | ‡an-us--- | |
| 082 | 0 | 4. | ‡a741.5/973 ‡223 |
| 100 | 1 | . | ‡aHarcum, Suzana, ‡eauthor, ‡eartist. |
| 245 | 1 | 0. | ‡aTripping over you. ‡p#1 / ‡cSuzana Harcum & Owena White. |
| 250 | . | ‡aFirst edition. | |
| 264 | 1. | ‡aNew York : ‡bFirst Second, imprint of Roaring Brook Press, ‡c2025. | |
| 264 | 4. | ‡c©2025 | |
| 300 | . | ‡a235 pages : ‡bcolor illustrations ; ‡c24 cm | |
| 336 | . | ‡atext ‡btxt ‡2rdacontent | |
| 336 | . | ‡astill image ‡bsti ‡2rdacontent | |
| 337 | . | ‡aunmediated ‡bn ‡2rdamedia | |
| 338 | . | ‡avolume ‡bnc ‡2rdacarrier | |
| 490 | 0 | . | ‡aTripping Over You ; ‡v1 |
| 520 | . | ‡aThe infamous theater kid Milo and wallflower Liam are unlikely friends connected by a mutual feeling of being misfits in their boarding school. As their friendship and bond develops, unspoken romantic feelings start to bubble up and complicate everything--misunderstandings and bruised eyes aplenty. But with their graduation soon approaching, Milo gathers the strength to finally confess. They begin dating in secret (for fear of Liam's strict father finding out), but their relationship becomes more difficult to hide over time and they must decide if they are ready for what the future has in store for them. | |
| 521 | 1 | . | ‡aAges 14-18. |
| 650 | 0. | ‡aBoarding school students ‡vComic books, strips, etc. | |
| 650 | 0. | ‡aGay teenagers ‡vComic books, strips, etc. | |
| 650 | 0. | ‡aDating (Social customs) ‡vComic books, strips, etc. | |
| 650 | 0. | ‡aHigh school seniors ‡vComic books, strips, etc. | |
| 650 | 0. | ‡aGraphic novels ‡zUnited States. | |
| 650 | 7. | ‡aYOUNG ADULT FICTION / Comics & Graphic Novels / Coming of Age. ‡2bisacsh | |
| 650 | 7. | ‡aYOUNG ADULT FICTION / Comics & Graphic Novels / LGBTQ+. ‡2bisacsh | |
| 650 | 7. | ‡aYOUNG ADULT FICTION / Comics & Graphic Novels / Romance. ‡2bisacsh | |
| 650 | 1. | ‡aBoarding schools ‡vFiction. ‡0(LARL_NWRL_CONSORTIUM)163727 | |
| 650 | 1. | ‡aGay teenagers ‡vFiction. ‡0(LARL_NWRL_CONSORTIUM)169079 | |
| 650 | 1. | ‡aDating (Social customs) ‡vFiction. ‡0(LARL_NWRL_CONSORTIUM)164536 | |
| 650 | 1. | ‡aFriendship ‡vFiction. ‡0(LARL_NWRL_CONSORTIUM)164944 | |
| 650 | 1. | ‡aCartoons and comics. ‡0(LARL_NWRL_CONSORTIUM)175912 | |
| 655 | 0. | ‡aGraphic novels. | |
| 655 | 0. | ‡aYoung adult fiction. | |
| 655 | 7. | ‡aQueer comics. ‡2lcgft | |
| 655 | 7. | ‡aRomance comics. ‡2lcgft | |
| 655 | 7. | ‡aSchool comics. ‡2lcgft | |
| 655 | 7. | ‡aGraphic novels. ‡2lcgft | |
| 655 | 7. | ‡aGay comics. ‡2lcgft | |
| 655 | 7. | ‡aComics (Graphic works) ‡2lcgft | |
| 655 | 7. | ‡aGraphic books. ‡2local | |
| 655 | 7. | ‡aYAF010070. ‡2bisacsh | |
| 655 | 7. | ‡aYAF010140. ‡2bisacsh | |
| 655 | 7. | ‡aYAF010170. ‡2bisacsh | |
| 655 | 7. | ‡aYAF058150. ‡2bisacsh | |
| 700 | 1 | . | ‡aWhite, Owena, ‡eauthor, ‡eartist. |
| 901 | . | ‡a466421 ‡bOCoLC ‡c466421 ‡tbiblio ‡soclc | |

Add to basket
Permalink
Disable Highlighting